Dādābhāyi Naurōjī. (Record no. 75203)

MARC details
000 -LEADER
fixed length control field 00596cam a22002291 4500
001 - CONTROL NUMBER
control field sa 67005431
003 - CONTROL NUMBER IDENTIFIER
control field DLC
005 - DATE AND TIME OF LATEST TRANSACTION
control field 20260227112357.0
008 - FIXED-LENGTH DATA ELEMENTS--GENERAL INFORMATION
fixed length control field 890427s1965 ii ac b 000 0 telo
010 ## - LIBRARY OF CONGRESS CONTROL NUMBER
LC control number sa 67005431
035 ## - SYSTEM CONTROL NUMBER
System control number (OCoLC)19614540
040 ## - CATALOGING SOURCE
Original cataloging agency DLC
Transcribing agency WaU
Modifying agency OCoLC
-- DLC
042 ## - AUTHENTICATION CODE
Authentication code premarc
050 00 - LIBRARY OF CONGRESS CALL NUMBER
Classification number DS479.1.N25
Item number P3
100 1# - MAIN ENTRY--PERSONAL NAME
Personal name Parthasarathy, N. C. S.
245 00 - TITLE STATEMENT
Title Dādābhāyi Naurōjī.
260 ## - PUBLICATION, DISTRIBUTION, ETC.
Date of publication, distribution, etc. 1965.
300 ## - PHYSICAL DESCRIPTION
Extent ii, 131 p.
Other physical details illus., port.
Dimensions 22 cm.
500 ## - GENERAL NOTE
General note In Telugu.
504 ## - BIBLIOGRAPHY, ETC. NOTE
Bibliography, etc. note Bibliography: p. 131.
600 10 - SUBJECT ADDED ENTRY--PERSONAL NAME
Personal name Naoroji, Dadabhai,
Dates associated with a name 1825-1917.

No items available.

Powered by Koha